Parlante : (Record no. 22099)

000 -CABECERA
fixed length control field 01761nam a22002657a 4500
003 - IDENTIFICADOR DEL NÚMERO DE CONTROL
control field AR-CdUCM
008 - DATOS DE LONGITUD FIJA--INFORMACIÓN GENERAL
fixed length control field 190425b ||||| |||| 00| 0 spa d
040 ## - FUENTE DE LA CATALOGACIÓN
Agencia/entidad que catalogó originalmente la obra MUNICIPALIDAD PROVINCIAL DEL CUSCO
Entidad que transcribió la catalogación BIBLIOTECA MUNICIPAL DEL CUSCO
082 ## - NÚMERO DE LA CLASIFICACIÓN DECIMAL DEWEY
No. de Clasificación Parlante/N°108/2011
110 ## - ENTRADA PRINCIPAL--NOMBRE DE ENTIDAD CORPORATIVA
Nombre de la institución, jurisdicción como entrada principal Centro Guamán Poma de Ayala
9 (RLIN) 20511
245 ## - MENCIÓN DE TÍTULO
Título Parlante :
Resto del título Revista del Cusco /
260 ## - PUBLICACIÓN, DISTRIBUCIÓN, ETC.
Lugar de publicación, distribución, etc. Cusco :
Nombre de la editorial, distribuidor, etc. Centro de Educación y Comunicación Guamán Poma de Ayala,
Fecha de publicación, distribución, etc. 2011.
300 ## - DESCRIPCIÓN FÍSICA
Nº de Páginas Extensión 36 páginas. :
Otros detalles físicos ilustraciones ;
Dimensiones 30 cm.
440 ## - MENCIÓN DE SERIE/PUNTO DE ACCESO ADICIONAL--TÍTULO
Título Parlante revista del Cusco.
Número de la parte/sección de una obra Año 26, N°108, julio 2011.
9 (RLIN) 47443
505 ## - NOTA DE CONTENIDO CON FORMATO
Nota de contenido formateada Contenido: Equidad y empoderamiento claves para las políticas de desarrollo humano en América Latina. Alfonso Dubois. -- Lecciones de las elecciones. Luis Nieto Degregori. -- Racismo en el Facebook, tengo el orgullo de ser peruano. Jorge Vargas Prado. -- Hacemos de la cocina un orgullo, un sabroso operativo con el chef peruano Gastón Acurio. Cesar Venero. -- El Cusco y sus peligros. Eliana Ricalde. -- Casas propia en el Centro Histórico no es un sueño, una realidad. Carlos Salas. -- Asociaciones de consumidores. Juan Galiano. -- La biodiversidad en riesgo. Juan Gil Mora. -- Salud en el Perú mirando a los vecinos. Abel Laurent. -- Seguridad alimentaria hacia donde vamos. -Juan Galiano. -- Centenario del descubrimiento de Machupicchu, el hombre dónde estuvo. Luis Nieto Degregori.
650 ## - PUNTO DE ACCESO ADICIONAL DE MATERIA--TÉRMINO DE MATERIA
Descriptor Actualidad y política
9 (RLIN) 47410
650 ## - PUNTO DE ACCESO ADICIONAL DE MATERIA--TÉRMINO DE MATERIA
Descriptor Centro Histórico Cusco
9 (RLIN) 46767
650 ## - PUNTO DE ACCESO ADICIONAL DE MATERIA--TÉRMINO DE MATERIA
Descriptor Educación, cultura y deportes
9 (RLIN) 47422
650 ## - PUNTO DE ACCESO ADICIONAL DE MATERIA--TÉRMINO DE MATERIA
Descriptor Medio ambiente
9 (RLIN) 47423
700 ## - PUNTO DE ACCESO ADICIONAL--NOMBRE DE PERSONA
Nombre Personal Venero Torres, César
9 (RLIN) 47439
700 ## - PUNTO DE ACCESO ADICIONAL--NOMBRE DE PERSONA
Nombre Personal Nieto Degregori, Luis
9 (RLIN) 6534
710 ## - PUNTO DE ACCESO ADICIONAL--NOMBRE DE ENTIDAD CORPORATIVA
Nombre corporativo (En letras Mayúsculas) Centro Guamán Poma de Ayala
9 (RLIN) 20511
942 ## - ELEMENTOS DE PUNTO DE ACCESO ADICIONAL (KOHA)
Fuente de clasificación
Tipo de item Revistas cusqueñas
945 ## - PROCESAMIENTO DE INFORMACIÓN LOCAL (OCLC)
Catalogador vhl
Holdings
Estado de retiro (separado) Fuente de clasificación o esquema de estanterías Estado dañado Ubicación Sala donde se ubica Nombre de la colección Fecha de adquisición o compra Costo, precio normal en soles Signatura topográfica Código de Barras Última vez visto (Koha) Tipo de ítem (Koha)
No     Sala Hemeroteca Sala Hemeroteca Book Cart 2022-03-07 5.00 Parlante/N°108/2011/e.2 REVC000763 2022-03-07 Revistas cusqueñas
No     Sala Hemeroteca Sala Hemeroteca Book Cart 2022-03-07 5.00 Parlante/N°108/2011 REVC000762 2022-03-07 Revistas cusqueñas

Powered by Koha